000 00725nam a2200289Ia 4500
005 20260324150559.0
008 008 260324s9999 xx 000 0 eng d
020 _a9781315279374
037 _aEBOOK
040 _aCRL
040 _beng
040 _cCRL
041 _2eng
041 _aeng
084 _qCRL
100 _aH. Van Geluwe
_91226913
245 0 _aLes Bali et les Peuplades Apparentées (Ndaka-Mbo-Beke-Lika-Budu-Nyari)
245 0 _bCentral Africa Belgian Congo Part V
260 _bTaylor and Francis
260 _c1960
365 _a
365 _b180
856 _uhttp://www.taylorfrancis.com/books/9781315279374
942 _cEBOOK
999 _c1836599
_d1836599